000 01780cam a22004214i 4500
003 PE-LiUPU
005 20250731173114.0
008 150623s2001 miu r 000 0 spa d
035 _a(Sirsi) a25145
040 _aPE-LiUPU
_bspa
_cPE-LiUPU
_erda
049 _aPRUA
082 0 4 _a257.7
_bN82
_221
100 1 _aNorton, Ricardo,
_eautor.
245 1 3 _aLa persuasión cristiana :
_bel arte de ganar almas /
_cRicardo Norton.
264 1 _aBerrien Springs, Michigan :
_bKerygma Publications,
_c2001.
300 _a136 páginas ;
_c21 centímetros
336 _atext
_2rdacontent
337 _aunmediated
_2rdamedia
338 _avolume
_2rdacarrier
505 0 _aLa biblia y la persuación -- La naturaleza de la persuasión -- La necesidad de la persuasión -- Areas de estudio relacionadas a la persuasión -- Componentes de la persuasión -- Enemigos de la persuasión -- Agentes de la persuasión -- Etiología de la persuasión -- Principios prácticos -- El llamamiento -- Despues del llamamiento -- Contestando objeciones -- Contestando objeciones específicas.
526 _aSEG42
526 _aSEG41
526 _aSEG40
526 _aSEG39
526 _aP94
526 _aP87
526 _aP86
526 _aP85
526 _aP77
526 _aP76
526 _aP35
650 0 4 _aEvangelismo personal.
942 _2ddc
_cBOOK
949 _a257.7 N82
_wDEWEY
_c1
_i50050
_lCCODEBUL1
_mBUL
_p00.00
_r0
_sY
_tBOOK
_u2015-06-24
_xTEOLOGIA
_PP35
_0COMPRA
_o.STAFF. Colección General
596 _a1
999 _a257.7 N82
_wDEWEY
_c30849
_i50050
_d30849
_e2018-9-4
_f2021-11-12
_g5
_lCCODEBUL1
_mBUL
_n5
_p19.35
_q1
_r0
_sY
_tBOOK
_u2015-6-24
_xTEOLOGIA
_PP35
_0COMPRA
_o.STAFF. Colección Teología
980 _81
_gALBERTO SANCHEZ Responsable de Automatización